000 00534nam a22001697a 4500
003 OSt
005 20260202102021.0
008 260130b |||||||| |||| 00| 0 eng d
040 _cMRSPTU
041 _aENG
100 _aRohit Jalwi, Supervisor: Dr. Sanjiv Aggarwal
245 _aConservation and Rehabilitation of Heritage Building Bathinda Fort
260 _c2014
_bDepartment of Civil Engg. MRSPTU, Bathinda
650 _aCivil Engineering
856 _uhttp://localhost:8080/xmlui/handle/123456789/1001
942 _2ddc
_cTH
_n0
999 _c10814
_d10814